| 000 | 01155nam a2200277 a 4500 | ||
|---|---|---|---|
| 005 | 20100403143932.0 | ||
| 008 | 030813r20031929ii 000 0beng | ||
| 010 | _aB-379439 | ||
| 020 |
_a0195659090 _c350.00 |
||
| 020 |
_a9780195659092 _c350.00 |
||
| 035 | _aB-379439 | ||
| 037 | _bUBH | ||
| 040 |
_adpl _bEnglish |
||
| 082 | _a370.92 | ||
| 100 |
_aAndrews, C. F. _q(Charles Freer), |
||
| 245 |
_aZaka Ullah of Delhi / _cby C.F. Andrews ; with introductions by Mushirul Hasan and Margrit Pernau. |
||
| 260 |
_aNew Delhi _bOxford University Press _c2003 |
||
| 270 |
_aYMCA Library Building, Jai Singh Road, _bNew Delhi _e110001 |
||
| 300 |
_alxxv, 114 p. _c23 cm(Hb) |
||
| 600 |
_aZ̲akāʼullāh, Muḥammad, _d1832-1910. |
||
| 650 |
_aEducators _zIndia _vBiography. |
||
| 651 |
_aDelhi (India) _xHistory. |
||
| 942 |
_2ddc _cEN _h370.92 _mAND |
||
| 999 |
_c35047 _d35047 |
||